000 00825nam a2200253Ia 4500
003 OSt
005 20221002045124.0
006 a|||||r|||| 00| 0
007 ta
008 220930b |||||||| |||| 00| 0 eng d
020 _a9780415842198 (hbk)
_c12548.75
024 _a9937
037 _b887, 26/03/2014, Bright Book Service
_cReference Collections
040 _aCRL
_cCRL
_beng
041 _2eng
_aeng
082 _aV1:71(G)g, Q4(RR)
100 _aKnusel Christopher Ed.
_9570121
245 0 _aRoutledge handbook of the bioarchaeology of human conflict
260 _aLondon
_bRoutledge UK
_c2014
300 _axlvi,704p.
_ccm.
650 _aHISTORY
942 _hV1:71(G)g, Q4(RR)
_cref
_2CC
999 _c911823
_d911823